| 000 | 01129cab a2200217 4500 | ||
|---|---|---|---|
| 001 | ABS50414 | ||
| 008 | 090401t1994 xxu||||| |||| 00| 0 eng d | ||
| 035 | _a(Sirsi) u75608 | ||
| 041 | _aeng | ||
| 245 | _aBP Chemicals Ltd v Kingdom Engineering (Fife) Ltd | ||
| 260 | _c1994 | ||
| 350 | _a0 | ||
| 490 |
_aConstruction Industry Law Letter _v1994 CILL 905-906(2) |
||
| 520 | _a12 January 1994. Concerned with arbitral award on interest made on undercertification by a certificate under ICE Conditions of Contract 5th ed (1979). Raised questions of whether the arbitrator had erred in law in deciding when the cause of action accrued and secondly whether Arbitration Act 1950 s19A allowed interest to be awarded during a period before accrual on cause of action. Held that the only sum due was the actual amount certified and that interest was not awardable under s19A unless there had been wrongful withholding. | ||
| 650 | _aARBITRATION ACT 1950 S19A | ||
| 650 | _aICE CONDITIONS OF CONTRACT (FIFTH EDITION) | ||
| 650 | _aINTEREST | ||
| 690 | _aBUILDING AND CONSTRUCTION-CASE LAW | ||
| 942 | _n0 | ||
| 948 | _c04/03/1997 | ||
| 999 |
_c47563 _d47563 |
||